<?xml version="1.0" encoding="UTF-8"?>
<collection xmlns="http://www.loc.gov/MARC21/slim">
 <record>
  <leader>02628nam a22003257a 4500</leader>
  <controlfield tag="001">NCT_44731</controlfield>
  <controlfield tag="008">180706b        xxu||||| |||| 00| 0 vie d</controlfield>
  <datafield tag="999" ind1=" " ind2=" ">
   <subfield code="c">2144</subfield>
   <subfield code="d">2144</subfield>
  </datafield>
  <datafield tag="020" ind1=" " ind2=" ">
   <subfield code="a">9786048006020</subfield>
   <subfield code="c">85000</subfield>
  </datafield>
  <datafield tag="082" ind1="0" ind2="4">
   <subfield code="2">23rd ed.</subfield>
   <subfield code="a">005</subfield>
   <subfield code="b">S464</subfield>
  </datafield>
  <datafield tag="100" ind1="1" ind2=" ">
   <subfield code="a">Thái Thanh Sơn</subfield>
   <subfield code="e">Chủ biên</subfield>
  </datafield>
  <datafield tag="245" ind1="1" ind2="0">
   <subfield code="a">Tin học cơ bản ứng dụng trong đời sống</subfield>
   <subfield code="c">Thái Thanh Sơn (chủ biên); Trần Duy Hùng, Nguyễn Thị Thu Thủy</subfield>
  </datafield>
  <datafield tag="260" ind1=" " ind2=" ">
   <subfield code="a">H.</subfield>
   <subfield code="b">Thông tin và Truyền thông</subfield>
   <subfield code="c">2014</subfield>
  </datafield>
  <datafield tag="300" ind1=" " ind2=" ">
   <subfield code="a">332 tr.</subfield>
   <subfield code="b">minh họa</subfield>
   <subfield code="c">24cm</subfield>
  </datafield>
  <datafield tag="500" ind1=" " ind2=" ">
   <subfield code="a">ĐTTS ghi: Viện Nghiên cứu và Phát triển Tin học ứng dụng - AIRDI</subfield>
  </datafield>
  <datafield tag="520" ind1="3" ind2=" ">
   <subfield code="a">Tin học cơ bản ứng dụng trong đời sống giúp những người không chuyên về công nghệ thông tin có một tài liệu đơn giản, có thể tự học, dễ sử dụng, nhưng rất cơ bản và cần thiết nhất cho cuộc sống và công việc hàng ngày của mình</subfield>
  </datafield>
  <datafield tag="653" ind1=" " ind2=" ">
   <subfield code="a">Công nghệ thông tin</subfield>
  </datafield>
  <datafield tag="700" ind1="1" ind2=" ">
   <subfield code="a">Nguyễn Thị Thu Thủy</subfield>
  </datafield>
  <datafield tag="700" ind1="1" ind2=" ">
   <subfield code="a">Trần Duy Hùng</subfield>
  </datafield>
  <datafield tag="942" ind1=" " ind2=" ">
   <subfield code="2">ddc</subfield>
   <subfield code="c">BK</subfield>
  </datafield>
  <datafield tag="952" ind1=" " ind2=" ">
   <subfield code="0">0</subfield>
   <subfield code="1">0</subfield>
   <subfield code="2">ddc</subfield>
   <subfield code="4">0</subfield>
   <subfield code="6">005_000000000000000_S464</subfield>
   <subfield code="7">0</subfield>
   <subfield code="9">12199</subfield>
   <subfield code="a">000001</subfield>
   <subfield code="b">000001</subfield>
   <subfield code="d">2018-07-06</subfield>
   <subfield code="l">1</subfield>
   <subfield code="o">005 S464</subfield>
   <subfield code="p">MD.05230</subfield>
   <subfield code="r">2018-12-10</subfield>
   <subfield code="s">2018-11-26</subfield>
   <subfield code="v">85000.00</subfield>
   <subfield code="w">2018-07-06</subfield>
   <subfield code="y">BK</subfield>
  </datafield>
  <datafield tag="952" ind1=" " ind2=" ">
   <subfield code="0">0</subfield>
   <subfield code="1">0</subfield>
   <subfield code="2">ddc</subfield>
   <subfield code="4">0</subfield>
   <subfield code="6">005_000000000000000_S464</subfield>
   <subfield code="7">0</subfield>
   <subfield code="9">12200</subfield>
   <subfield code="a">000001</subfield>
   <subfield code="b">000001</subfield>
   <subfield code="d">2018-07-06</subfield>
   <subfield code="o">005 S464</subfield>
   <subfield code="p">MD.05231</subfield>
   <subfield code="r">2018-07-06</subfield>
   <subfield code="v">85000.00</subfield>
   <subfield code="w">2018-07-06</subfield>
   <subfield code="y">BK</subfield>
  </datafield>
  <datafield tag="952" ind1=" " ind2=" ">
   <subfield code="0">0</subfield>
   <subfield code="1">0</subfield>
   <subfield code="2">ddc</subfield>
   <subfield code="4">0</subfield>
   <subfield code="6">005_000000000000000_S464</subfield>
   <subfield code="7">0</subfield>
   <subfield code="9">12201</subfield>
   <subfield code="a">000001</subfield>
   <subfield code="b">000001</subfield>
   <subfield code="d">2018-07-06</subfield>
   <subfield code="o">005 S464</subfield>
   <subfield code="p">MD.01290</subfield>
   <subfield code="r">2018-07-06</subfield>
   <subfield code="v">85000.00</subfield>
   <subfield code="w">2018-07-06</subfield>
   <subfield code="y">BK</subfield>
  </datafield>
  <datafield tag="952" ind1=" " ind2=" ">
   <subfield code="0">0</subfield>
   <subfield code="1">0</subfield>
   <subfield code="2">ddc</subfield>
   <subfield code="4">0</subfield>
   <subfield code="6">005_000000000000000_S464</subfield>
   <subfield code="7">0</subfield>
   <subfield code="9">12202</subfield>
   <subfield code="a">000001</subfield>
   <subfield code="b">000001</subfield>
   <subfield code="d">2018-07-06</subfield>
   <subfield code="o">005 S464</subfield>
   <subfield code="p">MD.05244</subfield>
   <subfield code="r">2018-07-06</subfield>
   <subfield code="v">58000.00</subfield>
   <subfield code="w">2018-07-06</subfield>
   <subfield code="y">BK</subfield>
  </datafield>
  <datafield tag="952" ind1=" " ind2=" ">
   <subfield code="0">0</subfield>
   <subfield code="1">0</subfield>
   <subfield code="2">ddc</subfield>
   <subfield code="4">0</subfield>
   <subfield code="6">005_000000000000000_S464</subfield>
   <subfield code="7">0</subfield>
   <subfield code="9">12203</subfield>
   <subfield code="a">000001</subfield>
   <subfield code="b">000001</subfield>
   <subfield code="d">2018-07-06</subfield>
   <subfield code="l">1</subfield>
   <subfield code="o">005 S464</subfield>
   <subfield code="p">MD.05236</subfield>
   <subfield code="r">2020-07-03</subfield>
   <subfield code="s">2020-06-17</subfield>
   <subfield code="v">85000.00</subfield>
   <subfield code="w">2018-07-06</subfield>
   <subfield code="y">BK</subfield>
  </datafield>
  <datafield tag="952" ind1=" " ind2=" ">
   <subfield code="0">0</subfield>
   <subfield code="1">0</subfield>
   <subfield code="2">ddc</subfield>
   <subfield code="4">0</subfield>
   <subfield code="6">005_000000000000000_S464</subfield>
   <subfield code="7">0</subfield>
   <subfield code="9">12204</subfield>
   <subfield code="a">000001</subfield>
   <subfield code="b">000001</subfield>
   <subfield code="d">2018-07-06</subfield>
   <subfield code="o">005 S464</subfield>
   <subfield code="p">MD.05238</subfield>
   <subfield code="r">2018-07-06</subfield>
   <subfield code="v">85000.00</subfield>
   <subfield code="w">2018-07-06</subfield>
   <subfield code="y">BK</subfield>
  </datafield>
  <datafield tag="952" ind1=" " ind2=" ">
   <subfield code="0">0</subfield>
   <subfield code="1">0</subfield>
   <subfield code="2">ddc</subfield>
   <subfield code="4">0</subfield>
   <subfield code="6">005_000000000000000_S464</subfield>
   <subfield code="7">0</subfield>
   <subfield code="9">12205</subfield>
   <subfield code="a">000001</subfield>
   <subfield code="b">000001</subfield>
   <subfield code="d">2018-07-06</subfield>
   <subfield code="o">005 S464</subfield>
   <subfield code="p">MD.05224</subfield>
   <subfield code="r">2018-07-06</subfield>
   <subfield code="v">85000.00</subfield>
   <subfield code="w">2018-07-06</subfield>
   <subfield code="y">BK</subfield>
  </datafield>
  <datafield tag="952" ind1=" " ind2=" ">
   <subfield code="0">0</subfield>
   <subfield code="1">0</subfield>
   <subfield code="2">ddc</subfield>
   <subfield code="4">0</subfield>
   <subfield code="6">005_000000000000000_S464</subfield>
   <subfield code="7">0</subfield>
   <subfield code="9">12206</subfield>
   <subfield code="a">000001</subfield>
   <subfield code="b">000001</subfield>
   <subfield code="d">2018-07-06</subfield>
   <subfield code="o">005 S464</subfield>
   <subfield code="p">MD.05226</subfield>
   <subfield code="r">2018-07-06</subfield>
   <subfield code="v">85000.00</subfield>
   <subfield code="w">2018-07-06</subfield>
   <subfield code="y">BK</subfield>
  </datafield>
  <datafield tag="952" ind1=" " ind2=" ">
   <subfield code="0">0</subfield>
   <subfield code="1">0</subfield>
   <subfield code="2">ddc</subfield>
   <subfield code="4">0</subfield>
   <subfield code="6">005_000000000000000_S464</subfield>
   <subfield code="7">0</subfield>
   <subfield code="9">12981</subfield>
   <subfield code="a">000001</subfield>
   <subfield code="b">000001</subfield>
   <subfield code="d">2018-07-13</subfield>
   <subfield code="l">1</subfield>
   <subfield code="o">005 S464</subfield>
   <subfield code="p">MD.05247</subfield>
   <subfield code="r">2018-11-28</subfield>
   <subfield code="s">2018-11-14</subfield>
   <subfield code="v">85000.00</subfield>
   <subfield code="w">2018-07-13</subfield>
   <subfield code="y">BK</subfield>
  </datafield>
  <datafield tag="980" ind1=" " ind2=" ">
   <subfield code="a">Thư viện Trường Đại học Nam Cần Thơ</subfield>
  </datafield>
 </record>
</collection>
